Sensación y percepción

Na minha lista:
Detalhes bibliográficos
Autor principal: Luria, Aleksander Romanovich (autor)
Formato: Livro
Idioma:espanhol
Publicado em: Barcelona Martínez Roca 1986
Edição:4a. ed
Colecção:Breviarios de Conducta Humana
Assuntos:
Tags: Adicionar Tag
Sem tags, seja o primeiro a adicionar uma tag!

MARC

LEADER 00000nam a2200000 a 4500
001 UCU0759
003 CL-VaPUC
008 960329e19860000SP |||||||||||||||||spa|d
082 0 4 |a 152.1  |b LUR  |2 21 
100 |a Luria, Aleksander Romanovich  |e autor  |9 549746 
245 1 0 |a Sensación y percepción 
250 |a 4a. ed 
300 |a 137 p 
942 |c BK 
945 |d 19960329 00:00:00  |a rbrito 
260 |a Barcelona  |b Martínez Roca  |c 1986 
650 0 |a Psicología   |9 257863 
650 7 |a SENSACION  |2 CL-VaPUC  |9 334611 
650 0 |a Percepción   |9 266750 
650 7 |a SENSIBILIDAD  |2 CL-VaPUC  |9 356167 
650 0 |a Percepción visual  |9 267039 
583 |a last modification  |c 19960329 00:00:00  |k Rodrigo Vera 
490 0 |a Breviarios de Conducta Humana 
999 |c 245570  |d 245568 
952 |0 0  |1 0  |4 0  |6 152_100000000000000_LUR_1986  |7 0  |8 A  |9 260115  |a BIBEDU  |b BIBEDU  |d 2019-11-19  |i 3183831  |o 152.1 LUR 1986  |p 3183831  |r 2019-11-19  |w 2019-11-19  |y BK  |k LIT